| 000 | 00677nam a2200217Ii 4500 | ||
|---|---|---|---|
| 003 | JO-AjNU | ||
| 008 | 230605s9999||||xx |||||||||||||| ||und|| | ||
| 017 | _a1981/1715 | ||
| 020 | _a977-7341-51-2 | ||
| 040 |
_aJO-AjNU _bara _erda _cJO-AjNU |
||
| 041 | _aara | ||
| 050 | 1 | 4 | _aBP80.A27.A2 1981 |
| 100 | 3 |
_aمحمود، عبد الحليم, _eauthor _942007 |
|
| 245 | 0 | 0 | _aأبو ذر الغفاري والشيوعية |
| 264 | 3 | 1 | _aالقاهرة:دار المعارف ،د.ت |
| 300 | _a86ص | ||
| 336 |
_atext _btxt _2rdacontent |
||
| 337 |
_aunmediated _bn _2rdamedia |
||
| 338 |
_avolume _bnc _2rdacarrier |
||
| 650 | 4 |
_aابو ذر الغفاري-شيوعية _942008 |
|
| 999 |
_aA17955 _c21523 _d21523 |
||